Distritos de Barcelona en un mapa - Estadísticas

Estadísticas generales
  • Esta prueba ha sido intentada 740 veces
  • La puntuación promedio es 7 de 10
Respuestas en el mapa
Las respuestas están codificadas por una escala verde-roja en el mapa de la prueba según el % correcto abajo.
 
Estadísticas de respuestas
No. Distrito % Correcto
2 Eixample
83%
5 Sarrià-Sant Gervasi
82%
6 Gràcia
81%
3 Sants-Montjuïc
73%
1 Ciutat Vella
67%
8 Nou Barris
65%
4 Les Corts
61%
10 Sant Martí
61%
9 Sant Andreu
59%
7 Horta-Guinardó
56%
No se encontraron pruebas coincidentes
Distribución de puntuación
Porcentaje de gente con cada puntuación
Porcentaje por número respondido
Historial de tus puntuaciones
No has intentado esta prueba.